| 000 | 00599nam a2200193Ia 4500 | ||
|---|---|---|---|
| 999 |
_c8963 _d8963 |
||
| 020 | _a9788185835802 | ||
| 082 | _a307.14160954 TEO-U | ||
| 100 | _aTeotia, Manoj Kumar | ||
| 245 | 0 | _aUrban development in North-West India: emerging trends, concerns and strategies | |
| 260 |
_aChandigarh _bCentre for Research in Rural and Industr _c2016 |
||
| 300 | _axxix, 372p | ||
| 504 | _aIncludes References | ||
| 650 |
_aUrbanisation _zIndia |
||
| 650 |
_aUrban policy _zIndia |
||
| 650 |
_aCities and towns _vGrowth |
||
| 650 |
_aSociology, Urban _zIndia |
||
| 650 |
_aEconomic policy _zIndia |
||
| 942 | _cBK | ||